[Event "45th Olympiad 2024"]
[Site "Budapest HUN"]
[Date "2024.09.15"]
[Round "5.33"]
[Board "2"]
[White "Pereira, Ruben"]
[Black "Cupid, Kevin"]
[Result "1-0"]
[WhiteElo "2457"]
[BlackElo "2201"]
[PlyCount "73"]
[EventDate "2024.09.11"]
[WhiteTeam "Portugal"]
[BlackTeam "Trinidad & Tobago"]
[WhiteTeamCountry "POR"]

1. e4 c6 2. Nc3 d5 3. Nf3 a6 4. h3 g6 ({RR} 4... e6 5. d4 Nf6 6. e5 Nfd7 7. Ne2 c5 8. c3 Nc6 9. Nf4 cxd4 10. cxd4 Bb4+ 11. Bd2 Qa5 12. a3 Bxd2+ 13. Qxd2 Qxd2+ 14. Kxd2 Ke7 15. Rc1 f6 16. exf6+ gxf6 17. Bd3 Kd6 18. Bb1 e5 19. Ne2 {½-½ Sarana,A (2640)-Izoria,Z (2602) Titled Tuesday intern op 22nd June blitz 2021 (9)}) ({RR} 4... h6 5. d4 dxe4 6. Nxe4 Bf5 7. Ng3 Bh7 8. Bd3 Bxd3 9. Qxd3 Nf6 10. Bd2 e6 11. O-O-O Bd6 12. Ne4 Nxe4 13. Qxe4 Nd7 14. Kb1 Nf6 15. Qe2 Qc7 16. c4 c5 17. Bc3 cxd4 18. Bxd4 O-O-O 19. Ne5 {½-½ Seletsky,G (2204)-Hajiyev,K (2129) Titled Tue 2nd Jan Late 2024 (11)}) 5. d4 Bg7 6. Be3 $146 ({RR} 6. Bd3 h6 7. O-O e6 8. Bf4 Nd7 9. Re1 Ne7 10. Qd2 b5 11. Re2 g5 12. Bd6 Nb6 13. Bc5 Nc4 14. Bxc4 bxc4 15. Bxe7 Kxe7 16. exd5 cxd5 17. Nxg5 Kf8 18. Nf3 Rb8 19. b3 cxb3 20. axb3 Qc7 {1-0 Bortnyk,O (2610)-Molchanov,A (2357) Titled Tuesday intern op 17th April blitz 2018 (2)}) ({RR} 6. Be2 dxe4 7. Nxe4 Nd7 8. O-O Ngf6 9. Nxf6+ Nxf6 10. c4 O-O 11. Qb3 Ne4 12. Bf4 Re8 {½-½ Van Assendelft,F (2253)-Strating,S (2335) Hoogeveen Essent op 2008 (9)}) ({RR} 6. Bf4 dxe4 7. Nxe4 Qa5+ 8. Bd2 Qc7 9. Bd3 Nd7 10. O-O Ngf6 11. Qe2 O-O 12. Rfe1 Nd5 13. Ng3 e6 14. Qe4 c5 15. Nh5 N7f6 16. Nxf6+ Nxf6 17. Qe5 Qxe5 18. dxe5 Nd7 19. Rad1 Ra7 20. Bg5 Re8 {½-½ Goumas,G (2380)-Moutousis,K (2406) Nikaia op 21st 2013 (7)}) 6... Qb6 7. a3 dxe4 8. Nd2 Bh6 9. Nc4 Qd8 10. Qd2 Bxe3 11. Qxe3 b5 12. Ne5 f6 13. Ng4 h5 14. Nh2 Nh6 15. O-O-O Kf7 16. Qxe4 Ra7 17. g4 f5 18. Qf3 Rd7 19. gxh5 Rxd4 20. Be2 e5 21. Qe3 Qf6 22. Nf3 Rxd1+ 23. Rxd1 Nd7 24. Rxd7+ Bxd7 25. Nxe5+ Kg7 26. Nxd7 Qd6 27. Ne5 Re8 28. Qxh6+ Kxh6 29. Nf7+ Kg7 30. Nxd6 Re6 31. Nb7 gxh5 32. Bxh5 Rh6 33. Bf3 Kf7 34. Bxc6 Rxh3 35. Nc5 Rh6 36. Bb7 Rb6 37. b4 1-0

[Event "45th Olympiad 2024"]
[Site "Budapest HUN"]
[Date "2024.09.15"]
[Round "5.33"]
[Board "3"]
[White "Harper, Ryan"]
[Black "Sousa, Andre Ventura"]
[Result "0-1"]
[WhiteElo "2124"]
[BlackElo "2403"]
[PlyCount "108"]
[EventDate "2024.09.11"]
[WhiteTeam "Trinidad & Tobago"]
[BlackTeam "Portugal"]
[BlackTeamCountry "POR"]

1. e4 c5 2. Nf3 d6 3. d4 cxd4 4. Nxd4 Nf6 5. Nc3 a6 6. f3 e5 7. Nb3 Be6 8. Nd5 Bxd5 9. exd5 Nbd7 10. Be3 Be7 11. Qd2 O-O 12. Na5 Qc7 13. Be2 Rfc8 $146 14. c4 Bd8 ({RR} 14... Nb8 15. b4 b6 16. Nb3 a5 17. a3 axb4 18. axb4 Rxa1+ 19. Nxa1 b5 20. cxb5 Qb7 21. Nb3 Qxd5 22. Na5 Qxd2+ 23. Bxd2 Nfd7 24. Bd3 d5 25. Ke2 g6 26. g4 Bd8 {½-½ Pigusov,E (2495)-Kruszynski,W (2360) Politiken Cup 08th 1986 (5)}) 15. b4 Qb8 16. O-O Bxa5 17. bxa5 Qc7 18. Rab1 Nc5 19. Kh1 Qe7 20. f4 Nfe4 21. Qe1 exf4 22. Bxf4 Rc7 23. Rf3 Re8 24. Qf1 f5 25. Rd1 Qd8 26. Rh3 Rce7 27. Bf3 Qxa5 28. Bxe4 Nxe4 29. Rf3 Nf2+ 30. Rxf2 Re1 31. Rxe1 Rxe1 32. Bxd6 Rxf1+ 33. Rxf1 Qxa2 34. h3 Qxc4 35. Rxf5 Qc1+ 36. Kh2 Qc8 37. Rf3 Qd8 38. Ba3 a5 39. d6 b5 40. Bc5 g6 41. Re3 Qc8 42. Bb6 Qc6 43. Bc7 a4 44. Re7 a3 45. Bb8 Qc8 46. Ba7 a2 47. Bd4 Qc6 48. Be5 a1=Q 49. Bxa1 Qxd6+ 50. Re5 Kf7 51. g4 Qd1 52. Kg3 Qxa1 53. Rxb5 Qe1+ 54. Kf4 Qf1+ 0-1

[Event "45th Olympiad 2024"]
[Site "Budapest HUN"]
[Date "2024.09.15"]
[Round "5.33"]
[Board "4"]
[White "Barria Santos, Jose Guilherme"]
[Black "Mc Intosh, Isaiah"]
[Result "0-1"]
[WhiteElo "2411"]
[BlackElo "2249"]
[PlyCount "22"]
[EventDate "2024.09.11"]
[WhiteTeam "Portugal"]
[BlackTeam "Trinidad & Tobago"]
[WhiteTeamCountry "POR"]

1. e4 e5 2. Nf3 Nc6 3. Bb5 Nf6 4. d3 Bc5 5. c3 d5 6. exd5 Qxd5 7. O-O Qd8 8. Bc4 O-O 9. Nbd2 Bf5 10. Qe2 Re8 11. Nb3 $146 ({RR} 11. Ne4 Nxe4 12. dxe4 Be6 13. Ng5 Qf6 14. Nxe6 fxe6 15. Bb5 Red8 16. Bxc6 bxc6 17. b4 Bb6 18. Be3 Bxe3 19. Qxe3 Qf4 20. Qc5 Qxe4 21. Rae1 Qd5 22. Rxe5 Qxc5 23. Rxc5 a5 24. bxa5 Ra6 25. Re5 Rd5 {½-½ Prraneeth,V (2447)-Basso,P (2558) Forni di Sopra op 13th 2022 (8)}) 11... Be7 0-1

[Event "45th Olympiad 2024"]
[Site "Budapest HUN"]
[Date "2024.09.15"]
[Round "5.34"]
[Board "1"]
[White "El Jawich, Amro"]
[Black "Kantor, Gergely"]
[Result "0-1"]
[WhiteElo "2296"]
[BlackElo "2537"]
[PlyCount "50"]
[EventDate "2024.09.11"]
[WhiteTeam "Lebanon"]
[BlackTeam "Hungary C"]
[WhiteTeamCountry "LBN"]

1. e4 e5 2. Nf3 Nc6 3. d4 exd4 4. Bc4 Bb4+ 5. c3 dxc3 6. bxc3 Ba5 7. O-O Bb6 ({RR} 7... d6 8. Qb3 Qf6 9. Re1 Nge7 10. e5 Qg6 11. exd6 cxd6 12. Bg5 Bd8 13. Bxe7 Bxe7 14. Nd4 Kf8 15. Bd5 Nd8 16. Nd2 h5 17. Qc4 Bh3 18. Qc7 Bg5 19. Ne4 Bf4 20. Ng3 Be6 21. Bxb7 Nxb7 22. Qxb7 {1-0 Arizmendi Martinez,J (2250)-Narciso Dublan,M (2440) Ibi 1996}) 8. Re1 $146 ({RR} 8. e5 Nge7 9. Re1 d5 10. exd6 Qxd6 11. Qe2 O-O 12. Rd1 Qg6 13. Ba3 Bh3 14. g3 Nf5 15. Ne5 Nxe5 16. Qxe5 Rfe8 17. Qf4 Qc6 18. Bf1 Bxf1 19. Rxf1 Ne3 20. f3 Nd5+ {0-1 Nunez De la Cruz,G (1844)-Jordan Arenas,M (2071) ESP-chT CECLUB Div2 2016 (5)}) 8... Nge7 9. Ba3 d6 10. e5 O-O 11. exd6 cxd6 12. Qxd6 Ng6 13. Nbd2 Bf5 14. Qg3 Re8 15. Rxe8+ Qxe8 16. Ng5 Nce5 17. Bb3 Qc6 18. Re1 Re8 19. Nde4 h6 20. Nd6 hxg5 21. Bxf7+ Nxf7 22. Nxe8 Nf4 23. h4 Nd3 24. Qb8 Kh7 25. Nxg7 Nf4 0-1

[Event "45th Olympiad 2024"]
[Site "Budapest HUN"]
[Date "2024.09.15"]
[Round "5.34"]
[Board "2"]
[White "Krstulovic, Alex"]
[Black "Arkadan, Adib"]
[Result "1-0"]
[WhiteElo "2452"]
[BlackElo "2181"]
[PlyCount "63"]
[EventDate "2024.09.11"]
[WhiteTeam "Hungary C"]
[BlackTeam "Lebanon"]
[BlackTeamCountry "LBN"]

1. d4 Nf6 2. c4 e6 3. Nc3 Bb4 4. e3 O-O 5. Bd2 b6 6. Nf3 Bb7 7. Bd3 d5 8. cxd5 exd5 9. Rc1 c6 ({RR} 9... Be7 10. O-O c5 11. Ne5 Nc6 12. Be1 a6 13. f3 cxd4 14. Nxc6 Bxc6 15. exd4 Bb7 16. Bh4 Nh5 17. Bxe7 Qxe7 18. Qd2 Qd6 19. Ne2 Rfe8 20. g4 Nf6 21. Ng3 g6 22. a3 Nd7 23. Qg5 Kh8 24. Rfe1 {1-0 Yu,Y (2759)-Wang,H (2710) CHN-ch blitz 2018 (8)}) 10. Qc2 $146 ({RR} 10. Ne5 Nbd7 11. f4 Re8 12. O-O Rc8 13. Qf3 c5 14. Qh3 h6 15. Bf5 Bxc3 16. Bxc3 Rc7 17. Qg3 Ne4 18. Bxe4 dxe4 19. dxc5 Nxc5 20. Nc6 Ne6 21. Nxd8 Rxd8 22. f5 {1-0 Goltseva,E (2327)-Ardila,O (1988) Titled Tuesday intern op 01st Mar Early blitz 2022 (1)}) 10... Re8 11. a3 Bd6 12. O-O Qe7 13. e4 dxe4 14. Nxe4 Nbd7 15. Rfe1 Qf8 16. Nxf6+ Nxf6 17. Bg5 h6 18. Bxf6 gxf6 19. Be4 Re6 20. Nh4 Rae8 21. Qd3 c5 22. d5 Re5 23. f4 Rh5 24. Qf3 Rxh4 25. Qg3+ Qg7 26. Qxh4 Kh8 27. Bf5 Rg8 28. Re2 Bxd5 29. Rc3 Qf8 30. Qxf6+ Rg7 31. Rg3 Kg8 32. Qxh6 1-0

[Event "45th Olympiad 2024"]
[Site "Budapest HUN"]
[Date "2024.09.15"]
[Round "5.34"]
[Board "3"]
[White "Assaad, Joe"]
[Black "Juhasz, Agoston"]
[Result "0-1"]
[WhiteElo "2150"]
[BlackElo "2427"]
[PlyCount "60"]
[EventDate "2024.09.11"]
[WhiteTeam "Lebanon"]
[BlackTeam "Hungary C"]
[WhiteTeamCountry "LBN"]

1. e4 c6 2. d4 d5 3. Nc3 dxe4 4. Nxe4 Nf6 5. Nxf6+ exf6 6. Be3 Na6 7. a3 Nc7 8. c4 Bd6 9. Bd3 O-O 10. Qc2 h5 $146 ({RR} 10... g6 11. Ne2 Re8 12. O-O f5 13. Rfd1 Ne6 14. c5 Bb8 15. g3 f4 16. gxf4 Qh4 17. Ng3 Bxf4 18. Be4 f5 19. Bg2 Bc7 20. d5 cxd5 21. Bxd5 f4 22. Qc4 g5 23. Rd4 Qh6 24. Re4 fxe3 25. Rxe3 {0-1 Md.,S (2120)-Manon,R (2243) WALTON Rating 2023 (7.2)}) ({RR} 10... g6 11. Ne2 Ne6 12. O-O f5 13. d5 cxd5 14. cxd5 Nc7 15. Bc4 Re8 16. Rad1 Bd7 17. Ba2 Qh4 18. g3 Qg4 19. Rfe1 Rac8 20. Qd2 Bb5 21. Nd4 Bd7 22. Kg2 a6 23. f3 Qh5 24. Bf4 Bf8 25. d6 {1-0 Manish Anto,C (2366)-Miazhynski,M (2109) World Youth Open U18 2023 (3.25)}) ({RR} 10... g6 11. Ne2 Re8 12. O-O Ne6 13. Rad1 Qc7 14. h3 Bd7 15. Rfe1 Rad8 16. b4 Qb8 17. Qb2 Bc8 18. Nc3 Nxd4 19. Bxd4 Rxe1+ 20. Rxe1 Bh2+ 21. Kh1 Rxd4 22. Nd5 Be5 23. Ne7+ Kg7 24. Qe2 Be6 25. g3 {0-1 Suleimen,E (2073)-Kostenko,P (2374) World Blitz 2022 (21.81)}) 11. Ne2 Re8 12. h3 Be6 13. g4 h4 14. g5 fxg5 15. O-O-O b5 16. c5 Be7 17. f4 Nd5 18. Bd2 b4 19. Rhg1 bxa3 20. bxa3 gxf4 21. Nxf4 Nxf4 22. Bxf4 Bf6 23. Bh7+ Kh8 24. Be4 Bd5 25. Bf5 Qa5 26. Qb2 Be4 27. Bxe4 Rxe4 28. Bg5 Bxd4 29. Qc2 Qxa3+ 30. Kd2 Rae8 0-1

[Event "45th Olympiad 2024"]
[Site "Budapest HUN"]
[Date "2024.09.15"]
[Round "5.34"]
[Board "4"]
[White "Karacsonyi, Gellert"]
[Black "Kassis, Antoine LIB"]
[Result "1-0"]
[WhiteElo "2403"]
[BlackElo "2085"]
[PlyCount "71"]
[EventDate "2024.09.11"]
[WhiteTeam "Hungary C"]
[BlackTeam "Lebanon"]
[BlackTeamCountry "LBN"]

1. e4 c5 2. Nf3 d6 3. Bb5+ Bd7 4. Bxd7+ Qxd7 5. c4 Nf6 6. Nc3 Nc6 7. d4 cxd4 8. Nxd4 g6 9. f3 Nxd4 10. Qxd4 Bg7 11. Be3 O-O 12. Qd3 Rfc8 13. Rc1 Qd8 14. O-O Nd7 15. b3 Nc5 16. Qe2 $146 ({RR} 16. Qd2 Qa5 17. Bd4 Bxd4+ 18. Qxd4 Ne6 19. Qd2 Nc7 20. Qh6 a6 21. f4 b5 22. Rf3 Qb6+ 23. Kh1 Qd4 24. e5 dxe5 25. Rd1 Qb6 26. fxe5 Qe6 27. Rh3 Qxe5 28. Qxh7+ Kf8 29. Rf1 Qg7 30. Rxf7+ {1-0 Tseitlin,M-Shmirin,A URS Army-ch26 1972}) 16... e6 17. Rfd1 Qe7 18. Nb5 Rd8 19. b4 Na6 20. a3 b6 21. Qd3 Nc7 22. Nxc7 Qxc7 23. Bf4 Be5 24. Bg5 f6 25. Be3 d5 26. cxd5 Bxh2+ 27. Kf1 Qe5 28. Bd4 Qg5 29. Qc3 e5 30. Be3 Qh4 31. Qc6 Bg3 32. Ke2 Bf4 33. Qe6+ Kh8 34. Rh1 Qg5 35. Rxh7+ Kxh7 36. Qf7+ 1-0

[Event "45th Olympiad 2024"]
[Site "Budapest HUN"]
[Date "2024.09.15"]
[Round "5.35"]
[Board "1"]
[White "Rakotomaharo, Fy Antenaina"]
[Black "Sipila, Vilka"]
[Result "1-0"]
[WhiteElo "2440"]
[BlackElo "2462"]
[PlyCount "61"]
[EventDate "2024.09.11"]
[WhiteTeam "Madagascar"]
[BlackTeam "Finland"]
[WhiteTeamCountry "MAD"]
[BlackTeamCountry "FIN"]

1. e4 c5 2. Nf3 d6 3. d4 cxd4 4. Nxd4 Nf6 5. Nc3 a6 6. h3 e5 7. Nb3 Be6 8. Be3 Be7 9. Qf3 O-O 10. O-O-O b5 11. g4 b4 12. Nd5 Nxd5 13. exd5 Bc8 14. Nd2 $146 ({RR} 14. h4 a5 15. g5 Nd7 16. Kb1 a4 17. Nd2 Qc7 18. h5 f5 19. gxf6 Nxf6 20. Rg1 Rf7 21. Bd3 Bb7 22. Ne4 Nxd5 23. Qg4 Nxe3 24. fxe3 a3 25. Bc4 d5 26. Rxd5 Qxc4 27. Nf6+ Bxf6 28. Qxc4 Bxd5 {1-0 Matinian,N (2416)-Bok,B (2615) Titled Tue 13th Jun Early 2023 (3)}) ({RR} 14. Bd3 Nd7 15. Nd2 Qa5 16. Kb1 Bb7 17. Qf5 Nf6 18. g5 g6 19. gxf6 gxf5 20. fxe7 f4 21. Rhg1+ Kh8 22. Nc4 Qxd5 23. exf8=Q+ Rxf8 24. Be2 Qe6 25. Rxd6 Qc8 26. Bb6 f6 27. b3 Be4 28. Bg4 Bf5 {1-0 Djukic,N (2521)-Djukanovic,S (2068) 76th ch-MNE 2024 (1.3)}) ({RR} 14. Bd3 a5 15. Qe4 g6 16. Kb1 Nd7 17. Qg2 Ba6 18. h4 a4 19. Nc1 Qc7 20. h5 Bxd3 21. Rxd3 Rfc8 22. f4 exf4 23. hxg6 fxe3 24. gxf7+ Kf8 25. Rxe3 b3 26. Rc3 Qb6 27. Qd2 Bf6 28. Rxh7 bxc2+ {½-½ Harshita,G (2180)-Bhambure,S (2405) Arandjelovac ASK-1 GM 2021 (3)}) ({RR} 14. Bd3 a5 15. Nd2 Ba6 16. Ne4 Bxd3 17. Rxd3 Nd7 18. h4 Qc7 19. Kb1 a4 20. g5 f5 21. gxf6 Nxf6 22. Nxf6+ Bxf6 23. Qe4 Rac8 24. Rd2 Qc4 25. Qxc4 Rxc4 26. h5 Rh4 27. Rdd1 Be7 28. c3 bxc3 {1-0 Mardov,D (2414)-Johnson,D (2205) Titled Tuesday intern op 02nd Aug Early blitz 2022 (1)}) 14... f5 15. gxf5 Bxf5 16. Ne4 a5 17. Bd3 a4 18. Nf6+ Rxf6 19. Bxf5 b3 20. a3 Qf8 21. Be6+ Kh8 22. Qg4 Na6 23. Qxa4 Nc5 24. Qc4 bxc2 25. Rd2 Ra5 26. Rxc2 Qa8 27. Rd1 Nxe6 28. dxe6 d5 29. Qc7 Qd8 30. Qxd8+ Bxd8 31. Bg5 1-0

[Event "45th Olympiad 2024"]
[Site "Budapest HUN"]
[Date "2024.09.15"]
[Round "5.35"]
[Board "2"]
[White "Agopov, Mikael"]
[Black "Razanadrakotoarisoa, Toavina"]
[Result "1-0"]
[WhiteElo "2451"]
[BlackElo "2147"]
[PlyCount "51"]
[EventDate "2024.09.11"]
[WhiteTeam "Finland"]
[BlackTeam "Madagascar"]
[WhiteTeamCountry "FIN"]
[BlackTeamCountry "MAD"]

1. e4 c5 2. Nf3 e6 3. d4 cxd4 4. Nxd4 Nc6 5. Nc3 Qc7 6. Be3 a6 7. Qf3 Nf6 8. O-O-O Be7 9. Be2 d6 10. g4 ({RR} 10. Qg3 O-O 11. f4 Rd8 12. Kb1 Nd7 13. f5 Nxd4 14. Bxd4 Bf6 15. fxe6 fxe6 16. Bxf6 Nxf6 17. Rhf1 Qe7 18. e5 dxe5 19. Rxd8+ Qxd8 20. Qxe5 Bd7 21. g4 Qb8 22. Qd4 Qa7 23. Qd2 Bc6 24. Bc4 Re8 {1-0 Klepek,W (2252)-Warchol,K (2108) 34th Cracovia Open A 2023 (2.32)}) 10... Nxd4 11. Rxd4 e5 ({RR} 11... b5 12. g5 Nd7 13. Qg3 Bb7 14. h4 Rc8 15. Kb1 Qa5 16. Bd2 Qb6 17. Qe3 O-O 18. g6 hxg6 19. h5 g5 20. h6 g6 21. h7+ Kh8 22. a4 Bf6 23. Rb4 Qc5 24. Na2 Qxc2+ 25. Ka1 Qc5 26. Qf3 {0-1 Firouzja,A (2682)-Fedorchuk,S (2620) FRA-ch rapid 2019 (6)}) 12. Rc4 Qd8 $146 ({RR} 12... Qa5 13. Ra4 Qc7 14. g5 Nd7 15. Nd5 Qd8 16. h4 b6 17. Rc4 O-O 18. Qg3 Nc5 19. Bxc5 bxc5 20. h5 Bxg5+ 21. Kb1 Be6 22. Rg1 Bxd5 23. exd5 h6 24. Bd3 Qf6 25. Qg4 Bf4 26. Qf3 Qe7 27. Qh3 {½-½ Zhong,K (2067)-Kagle,S Le Blanc et Noir Gp-A op 2020 (3)}) ({RR} 12... Qa5 13. g5 Bg4 14. Qg2 Bxe2 15. Ra4 Qc7 16. gxf6 Bxf6 17. Nxe2 b5 18. Rb4 Rb8 19. Nc3 Qc6 20. Nd5 a5 21. Rb3 b4 22. Kb1 Qc4 23. c3 a4 24. Rxb4 Rxb4 25. cxb4 {1-0 Vettese,N (2247)-Liang,J (2020) North American-ch U20 2019 (5)}) 13. g5 Ng4 14. Rxc8 Rxc8 15. Qxg4 O-O 16. Nd5 Rc6 17. h4 Re8 18. h5 Qc8 19. Qxc8 Rcxc8 20. g6 Bd8 21. Rh3 fxg6 22. hxg6 h6 23. Bg4 Rb8 24. Bd7 Rf8 25. Be6+ Kh8 26. Bf7 1-0

[Event "45th Olympiad 2024"]
[Site "Budapest HUN"]
[Date "2024.09.15"]
[Round "5.35"]
[Board "3"]
[White "Andrianiaina, Heritiana"]
[Black "Lahdelma, Henri"]
[Result "0-1"]
[WhiteElo "2149"]
[BlackElo "2331"]
[PlyCount "110"]
[EventDate "2024.09.11"]
[WhiteTeam "Madagascar"]
[BlackTeam "Finland"]
[WhiteTeamCountry "MAD"]
[BlackTeamCountry "FIN"]

1. d4 d5 2. c4 e6 3. Nc3 a6 4. cxd5 exd5 5. Nf3 Nf6 6. Bg5 Be6 7. e3 Nbd7 8. Bd3 Bd6 9. Qc2 h6 10. Bh4 c6 11. Bg3 Bxg3 12. hxg3 Qe7 13. O-O O-O 14. Rab1 Rfc8 $146 ({RR} 14... a5 15. a4 g6 16. Ne2 Ne8 17. Nf4 Qf6 18. Rbe1 Nd6 19. Ne5 Rfd8 20. g4 Nxe5 21. dxe5 Qxe5 22. Bxg6 Bxg4 23. Bd3 Kh8 24. f3 Bf5 25. Kf2 d4 26. g3 Bxd3 27. Nxd3 dxe3+ 28. Rxe3 Qd4 29. Ne5 {1-0 Nguyen,H (2019)-Le,H (2248) VIE-ch Tinh Bac Giang 2022 (5)}) ({RR} 14... Qd6 15. Rfc1 Ng4 16. Na4 Rae8 17. b4 Ndf6 18. Nc5 Bc8 19. a4 Re7 20. b5 axb5 21. axb5 cxb5 22. Rxb5 Rfe8 23. Qb2 Nxf2 24. Qxf2 Ng4 25. Qd2 Rxe3 26. Ne5 f6 27. Nxb7 Bxb7 28. Nxg4 Rxg3 29. Nxh6+ {1-0 Safin,T (2260)-Smirnov,A (2397) E G Zudov Memorial 2023 (4.4)}) 15. Rfc1 Bg4 16. Na4 g6 17. Nc5 Nxc5 18. Qxc5 Qxc5 19. Rxc5 Bxf3 20. gxf3 Kf8 21. Kg2 Ke7 22. Rh1 h5 23. Rh4 b6 24. Rc3 Kd6 25. Rh1 Rc7 26. e4 Kd7 27. Rhc1 Raa7 28. e5 Ne8 29. e6+ Kxe6 30. Rxc6+ Kd7 31. Rxc7+ Nxc7 32. Bc2 Ne6 33. Bb3 Kd6 34. Rc8 Rd7 35. Ra8 Nxd4 36. Rxa6 Kc5 37. Bd1 Nc6 38. a3 Re7 39. Ba4 Rb7 40. Ra8 Kd6 41. Bxc6 Kxc6 42. Kf1 Re7 43. f4 Kc5 44. Rc8+ Kd4 45. Rc3 Re6 46. a4 f6 47. Ra3 Kc4 48. a5 bxa5 49. Rxa5 d4 50. Ra1 Rb6 51. Rc1+ Kd5 52. Rb1 d3 53. Ke1 Rb3 54. f3 Kd4 55. Kd2 f5 0-1

[Event "45th Olympiad 2024"]
[Site "Budapest HUN"]
[Date "2024.09.15"]
[Round "5.35"]
[Board "4"]
[White "Wartiovaara, Oliver"]
[Black "Rakotomaharavo, Dylan"]
[Result "1-0"]
[WhiteElo "2300"]
[BlackElo "2078"]
[PlyCount "105"]
[EventDate "2024.09.11"]
[WhiteTeam "Finland"]
[BlackTeam "Madagascar"]
[WhiteTeamCountry "FIN"]
[BlackTeamCountry "MAD"]

1. c4 Nf6 2. Nc3 e6 3. Nf3 d5 4. e3 a6 5. b3 c5 6. Bb2 Nc6 7. cxd5 exd5 8. d4 cxd4 9. Nxd4 Bc5 10. Nxc6 bxc6 11. Be2 O-O ({RR} 11... h5 12. Rc1 Qd6 13. Bf3 Ra7 14. Na4 Bb4+ 15. Bc3 Ba3 16. Bd4 Bxc1 17. Bxa7 Ba3 18. Qd4 Bb4+ 19. Kf1 a5 20. Bc5 Ba6+ 21. Be2 Bxe2+ 22. Kxe2 Bxc5 23. Qxc5 Qxc5 24. Nxc5 Ke7 25. Rc1 Rb8 26. f3 {½-½ Cummings,D (2278)-Huang,Y (2048) Toronto Open Crown 2024 (5.8)}) 12. O-O Bd6 13. Bf3 Bf5 $146 ({RR} 13... Qe7 14. Rc1 Bb7 15. Ne2 Rfd8 16. Qc2 Rac8 17. Qf5 Nd7 18. Qh3 Ne5 19. Nd4 g6 20. Be2 c5 21. Nf3 Rc7 22. Nxe5 Bxe5 23. Bxe5 Qxe5 24. Qg3 Qxg3 25. hxg3 a5 26. Rfd1 Kf8 27. g4 h6 28. Bf3 {½-½ Galyas,M (2517)-Villegas,P (2397) Budapest FS08 GM 2018 (9)}) 14. Ne2 Be4 15. Ng3 Bg6 16. Rc1 Rc8 17. Be2 Qa5 18. f4 Ne4 19. f5 Bxg3 20. hxg3 Nxg3 21. fxg6 Nxf1 22. gxh7+ Kh8 23. Qd4 f6 24. Rxf1 Qxa2 25. Bd3 Qxb3 26. Bg6 c5 27. Qd2 Rc6 28. Rf5 Rb6 29. Bc3 Rd6 30. Be5 Rdd8 31. Qf2 Qb1+ 32. Kh2 Qe4 33. Kh3 d4 34. exd4 cxd4 35. Rxf6 Rxf6 36. Qxf6 Qe3+ 37. Kg4 Qe2+ 38. Kh4 Qe1+ 39. g3 Qh1+ 40. Kg4 Qd1+ 41. Kg5 Qc1+ 42. Qf4 Qxf4+ 43. gxf4 d3 44. f5 Rd5 45. Kf4 d2 46. f6 Rd7 47. fxg7+ Rxg7 48. Bc2 d1=Q 49. Bxd1 Kxh7 50. Bc2+ Kg8 51. Bb3+ Kh7 52. Bc2+ Kg8 53. Bb3+ 1-0

[Event "45th Olympiad 2024"]
[Site "Budapest HUN"]
[Date "2024.09.15"]
[Round "5.36"]
[Board "1"]
[White "Meier, Georg"]
[Black "Bai, Adelard"]
[Result "1-0"]
[WhiteElo "2591"]
[BlackElo "2378"]
[PlyCount "81"]
[EventDate "2024.09.11"]
[WhiteTeam "Uruguay"]
[BlackTeam "Chinese Taipei"]
[WhiteTeamCountry "URU"]

1. d4 Nf6 2. c4 e6 3. Nf3 Bb4+ 4. Bd2 c5 5. Bxb4 cxb4 6. e3 b6 7. Bd3 Bb7 8. O-O O-O 9. Re1 d6 10. e4 e5 11. Nbd2 Nc6 12. Nf1 Re8 13. Ng3 $146 ({RR} 13. Bc2 Rc8 14. Ba4 exd4 15. Ng3 d3 16. Qxd3 Ne5 17. Nxe5 dxe5 18. Qb3 Re6 19. Qxb4 a5 20. Qa3 g6 21. Rad1 Qc7 22. Qd3 h5 23. b3 Qc5 24. Nf1 h4 25. h3 Kg7 26. Nh2 Rh8 27. Ng4 Nxg4 {½-½ Dudin,G (2469)-Quesada Perez,Y (2604) Saint Louis Super Swiss 2023 (3.4)}) 13... g6 14. Qd2 Kg7 15. d5 Nb8 16. Qxb4 a5 17. Qd2 Na6 18. b3 Nc5 19. h3 Nxd3 20. Qxd3 Nd7 21. Qe3 Nc5 22. Nd2 Bc8 23. a3 Bd7 24. b4 Na6 25. Rab1 axb4 26. axb4 Qe7 27. Rb2 Rec8 28. Ra1 Qd8 29. Ne2 Qc7 30. f4 f6 31. fxe5 fxe5 32. Rba2 Qb7 33. Qg5 Be8 34. Ng3 Nxb4 35. Nf5+ Kg8 36. Ne7+ Kg7 37. Rf1 h5 38. Qf6+ Kh7 39. Qf8 Rxa2 40. Rf7+ Bxf7 41. Qxf7+ 1-0

[Event "45th Olympiad 2024"]
[Site "Budapest HUN"]
[Date "2024.09.15"]
[Round "5.36"]
[Board "2"]
[White "Song, Raymond"]
[Black "Rodriguez Vila, Andres"]
[Result "1/2-1/2"]
[WhiteElo "2503"]
[BlackElo "2417"]
[PlyCount "86"]
[EventDate "2024.09.11"]
[WhiteTeam "Chinese Taipei"]
[BlackTeam "Uruguay"]
[BlackTeamCountry "URU"]

1. e4 d5 2. exd5 Nf6 3. Nf3 Bg4 4. Bb5+ Nbd7 5. Nc3 a6 6. Be2 Nb6 7. O-O Nbxd5 8. Nxd5 Qxd5 9. h3 Bh5 10. d4 e6 11. c4 Qd8 12. Qb3 ({RR} 12. Bf4 Bd6 13. Ne5 Bxe2 14. Qxe2 O-O 15. Rad1 Nd7 16. c5 Bxe5 17. dxe5 Qe7 18. Bg5 f6 19. exf6 Nxf6 20. c6 bxc6 21. Rfe1 Rab8 22. Bc1 Nd5 23. Qxe6+ Qxe6 24. Rxe6 Rf6 25. Re4 Rd6 26. a3 Rb5 {1-0 Demchenko,A (2632)-Samusenko,M (2459) RUS-ch Higher League 73rd 2020 (9)}) 12... Rb8 $146 ({RR} 12... Qc8 13. d5 exd5 14. cxd5 Bc5 15. Bg5 Nd7 16. Nd2 Bxe2 17. Rfe1 O-O 18. Rxe2 Re8 19. Rae1 Rxe2 20. Rxe2 Nb6 21. Ne4 Bf8 22. d6 Nd7 23. Rc2 Qe8 24. dxc7 b6 25. Qd5 Rc8 26. Bf4 Nc5 27. Nxc5 {0-1 Mazurkiewicz,M (2159)-Gosciniak,T (1936) POL-chT 2nd League 2022 (9.16)}) 13. Be3 Bd6 14. Rfd1 O-O 15. Rac1 c6 16. Qc2 Qc7 17. a3 a5 18. Qd2 Ne4 19. Qe1 a4 20. d5 exd5 21. cxd5 c5 22. Nd4 Bxe2 23. Qxe2 Rfe8 24. Nb5 Bh2+ 25. Kh1 Qe5 26. d6 Bf4 27. d7 Red8 28. Rc2 h6 29. Bxf4 Qxf4 30. Kg1 Qf5 31. g4 Qg6 32. Nc3 Ng5 33. Kh2 Nf3+ 34. Qxf3 Qxc2 35. Ne4 b6 36. Rd6 Rb7 37. Qf5 Kf8 38. Kg3 Qb3+ 39. f3 Qe3 40. h4 Qe1+ 41. Kg2 Qe2+ 42. Kg3 Qe1+ 43. Kg2 Qe2+ 1/2-1/2